| 000 | 00609cam a22001931 4500 | ||
|---|---|---|---|
| 001 | 45959 | ||
| 090 | _a45959 | ||
| 100 | _a19940112d1946 km y0pory5003 ba | ||
| 101 | 0 | _apor | |
| 102 | _aPT | ||
| 200 | 1 |
_aAlguns milagres e parábolas de Jesus contados às crianças _fOliveira Cabral _gil. Guida Roque Gameiro Ottolini _g1 il. antónio carneiro |
|
| 210 | 9 |
_aLisboa _cPapelaria fernandes Livraria _d[19--?] |
|
| 215 |
_a56, [1] p. _cil. _d24 cm |
||
| 225 | 2 |
_aInfantil _v1 |
|
| 675 | _a82-93 | ||
| 700 | 1 |
_aCabral, _bOliveira, _f1890-1974 |
|
| 702 | 1 |
_aOttolini, _bGuida, _f1915-1992 _4440 |
|
| 801 | 0 |
_aPT _bBN _gRPC |
|
| 990 | _cLIVROS | ||